00914nam a2200217 u 450000100100000000500170001000800410002704000250006804100390009308200130013210000280014524000800017324501220025326000290037530000210040453400890042570000390051404900090055395201170056299900170067900002482820200930023408.0110204s1971 sp r 000 0 spa d aDO-SdBNPbspacBNPHU17aspahita2Código de idiomas MARC ann*bnn*1 aRavier, André.95095310aLettere al genitori e agli educatori per i tempi di rivoluzione.lEspañol10aCartas a los padres y educadores para tiempos de revolución /cAndré Ravier ; introducción de Sandra Bartolini. aMadrid :bNarcea,c1971. a216 p. ;c19 cm. aTítulo original :tLettere al genitori e agli educatori per i tempi di rivoluzione1 aBartolini, Sandra,eintrod.950954 aBNGR 001054708MOaGRbGRcCTd2011-02-04iLF1l0onn* nn*p24828-10r2020-06-25w2020-06-25y4ZPréstamo en sala c24321d24321